000 01049nam a2200265Ia 4500
003 OSt
005 20220923224313.0
006 a|||||r|||| 00| 0
007 ta
008 tel
024 _a230,843
037 _cTextual
040 _aARTS
_cARTS
_btel
041 _2tel
_atel
082 _aO35,1J95:g, 152M5
100 _aराव, बी.रजनीकान्त; पाण्डेय, गोरख, अनु.
_9167893
245 0 _aक्षेत्रय्या, अनु गोरख पाण्डेय
246 _aKṣhetrayyā, anu gorakh pāṇḍeya
260 _aनई दिल्ली
_b साहित्य अकादमी
_c1985
300 _a119पृ0
_ccm.
490 _aभारतीय साहित्य के निर्माता
650 _aतेलुगु साहित्य
_9156264
942 _hO35,1J95:g, 152M5
_cTEXL
_2CC
999 _c370521
_d370521